000 00303nam a22001217a 4500
008 250429b |||||||| |||| 00| 0 eng d
050 _aJC 571
_b.I36
100 _aIfowodo Ogaga
245 _aAnnual Report 1997
260 _aNigeria
_bCivil liberties Organisation
_c1999
300 _a248p.
942 _cBK
999 _c3250
_d3250